[Event "11th GM"]
[Site "Lippstadt"]
[Date "2003.08.10"]
[Round "4"]
[White "COMP BrutusP-I.XII"]
[Black "Cyborowski, Lukasz"]
[Result "1/2-1/2"]
[WhiteElo "2800"]
[BlackElo "2550"]
[PlyCount "116"]
[EventDate "2003.08.07"]
[Source "Roberto Alvarez"]
[SourceDate "2003.08.18"]

1. e4 d6 2. d4 Nf6 3. Nc3 e5 4. Nf3 Nbd7 5. Bc4 Be7 6. O-O O-O 7. Re1 c6 8. a4 b6 9. d5 cxd5 10. Nxd5 Bb7 11. b3 Rc8 12. Re2 Nxd5 13. Bxd5 Ba6 14. c4 Nf6 15. Ba3 Qc7 16. Qd2 Nxd5 17. exd5 Rcd8 18. Bb4 Bc8 19. h3 Bf5 20. Rae1 h6 21. Rd1 Bf6 22. Qe3 Rfe8 23. Rde1 Bg6 24. Ra2 Qb8 25. Kh1 Kh8 26. Rae2 Qc7 27. Kh2 Kg8 28. Kg1 Kh8 29. Rd1 Kg8 30. Ba3 Qb8 31. Rde1 Qc7 32. Ra2 Qb8 33. Nd2 Bg5 34. Qg3 a6 35. Bb4 Qb7 36. h4 Bf4 37. Qf3 h5 38. Ne4 Bxe4 39. Qxe4 g6 40. Rae2 Bh6 41. Qd3 a5 42. Ba3 Qd7 43. g3 f5 44. f3 Kh7 45. Qc2 Rf8 46. Rg2 Rde8 47. Qd3 Rd8 48. Qb1 Rf7 49. Qc2 Rff8 50. Qd3 Rf7 51. Kh1 Rff8 52. Qc2 Rf7 53. Qf2 Qc7 54. Qe2 Qd7 55. Kg1 Rff8 56. Qf2 Qc7 57. Qa2 Rf7 58. Qe2 Qd7 1/2-1/2

[Event "Brocco"]
[Site "Brocco"]
[Date "1989.??.??"]
[Round "?"]
[White "Karpov, Anatoly"]
[Black "Georgiev, Kiril D"]
[Result "0-1"]
[WhiteElo "2750"]
[BlackElo "2590"]
[PlyCount "137"]
[EventDate "1989.??.??"]
[Source "www.chesslib.no"]
[SourceDate "2004.05.04"]

1. e4 d6 2. d4 e5 3. Nf3 exd4 4. Nxd4 Nf6 5. Nc3 g6 6. g3 Bg7 7. Bg2 O-O 8. O-O Re8 9. h3 Nbd7 10. Re1 Nc5 11. Nb3 Nfd7 12. Nd5 a5 13. Rb1 a4 14. Nxc5 Nxc5 15. b4 axb3 16. axb3 c6 17. Nf4 Ra2 18. Nd3 Nxd3 19. Qxd3 d5 20. Rd1 Qe7 21. g4 dxe4 22. Qxe4 Qxe4 23. Bxe4 h5 24. f3 hxg4 25. hxg4 Bxg4 26. Rd2 Be6 27. Kg2 Bc3 28. Rd1 Bf5 29. Bxf5 gxf5 30. Kg3 Rxc2 31. Kf4 Bg7 32. Rg1 Re6 33. Kxf5 Rc5+ 34. Kf4 Kh7 35. Rh1+ Bh6+ 36. Kg3 Rg6+ 37. Kf2 Rc2+ 38. Ke1 Rcg2 39. Ba3 Rg1+ 40. Ke2 R6g2+ 41. Kd3 Rxh1 42. Rxh1 Kg6 43. Re1 Bg5 44. Re8 Rd2+ 45. Kc3 Rd5 46. Rb8 Rb5 47. Kc4 Bf4 48. Rg8+ Kf5 49. Bb2 Bd6 50. Rg7 Rb4+ 51. Kc3 Ke6 52. Kc2 Rf4 53. Rg3 Rf5 54. Rh3 Kd5 55. Kd3 b5 56. Bc3 c5 57. Bd2 Be5 58. Ke2 Bd4 59. Rh6 Re5+ 60. Kd1 c4 61. bxc4+ Kxc4 62. Rh4 Kd3 63. Rh3 Be3 64. f4 Re4 65. f5 Kd4 66. Bb4 Kc4 67. Bf8 Bd4 68. Kc2 f6 69. Rf3 0-1

[Event "45th New York Masters"]
[Site "New York"]
[Date "2003.02.25"]
[Round "4"]
[White "Stripunsky, Alexander"]
[Black "Schmaltz, Roland"]
[Result "1/2-1/2"]
[WhiteElo "2648"]
[BlackElo "2628"]
[PlyCount "87"]
[EventDate "2003.02.25"]
[Source "Roberto Alvarez"]
[SourceDate "2003.05.19"]

1. e4 d6 2. d4 Nf6 3. Nc3 Nbd7 4. Nf3 e5 5. Bc4 Be7 6. O-O O-O 7. Re1 a6 8. a4 b6 9. dxe5 dxe5 10. Nd5 Bb7 11. Nxf6+ Bxf6 12. Ra3 Nc5 13. Bd5 c6 14. Ba2 Qe7 15. Qe2 b5 16. a5 Rad8 17. h4 h6 18. g3 Bc8 19. Nh2 Rd4 20. Re3 Ra4 21. Bb1 Rd8 22. b3 Rad4 23. c3 R4d6 24. Ba3 Rd2 25. Qf3 Qa7 26. Bxc5 Qxc5 27. b4 Qe7 28. Nf1 R2d6 29. Rd3 Rxd3 30. Bxd3 h5 31. Be2 g6 32. Qe3 Qc7 33. Rd1 Rxd1 34. Bxd1 Kg7 35. Bb3 Be7 36. Qd2 c5 37. Ne3 cxb4 38. cxb4 Qd6 39. Nd5 Be6 40. Qc3 Bxd5 41. Bxd5 Qxb4 42. Qxe5+ Bf6 43. Qe8 Qe7 44. Qxe7 1/2-1/2

[Event "Mind Sports Games - Blitz Team"]
[Site "Pechino CINA"]
[Date "2008.10.13"]
[Round "8"]
[White "Kulaots, K."]
[Black "Bu Xiangzhi"]
[Result "1/2-1/2"]
[WhiteElo "2556"]
[BlackElo "2714"]
[PlyCount "20"]
[EventDate "2008.10.13"]
[Source "www.chesslib.no"]
[SourceDate "2004.05.04"]

1. e4 e5 2. Nf3 d6 3. Nd4 Nf6 4. Nc3 Be7 5. g3 d5 6. exd5 Nxd5 7. Ndb5 Nxc3 8. Nxc3 O-O 9. Be2 c6 10. a3 Na6 1/2-1/2

[Event "Mind Sports Games - Blitz Ind"]
[Site "Pechino CINA"]
[Date "2008.10.04"]
[Round "10"]
[White "Socko, B."]
[Black "Ghaem Maghami, E."]
[Result "1/2-1/2"]
[WhiteElo "2631"]
[BlackElo "2599"]
[PlyCount "69"]
[EventDate "2008.10.04"]
[Source "www.chesslib.no"]
[SourceDate "2004.05.04"]

1. e4 e5 2. Nf3 d6 3. Nd4 Nf6 4. Nc3 Be7 5. g3 O-O 6. Bg2 Bg4 7. f3 Bd7 8. O-O c5 9. Nde2 Bc6 10. g4 b5 11. Ng3 b4 12. Nd5 Bxd5 13. exd5 Nfd7 14. Re1 Bh4 15. f4 Re8 16. Bf3 Nf6 17. f5 Qd7 18. Ne4 Qd8 19. Bg2 h6 20. Ng3 Nh7 21. Ne4 Be7 22. Nf6+ Nxf6 23. Bf1 Nh7 24. Re2 Nf8 25. Kf2 f6 26. Kg3 Nbd7 27. h3 h5 28. gxh5 Kh7 29. a4 bxa3 30. bxa3 Kh6 31. Re3 c4 32. Kf2 Kg5 33. Kf3 Kxh5 34. Re2 e4+ 35. Kxe4 1/2-1/2

[Event "Campionato europeo 2007"]
[Site "Dresda GER"]
[Date "2007.04.09"]
[Round "7"]
[White "Gashimov, Vugar"]
[Black "Ftacnik, Lubomir"]
[Result "1/2-1/2"]
[WhiteElo "2644"]
[BlackElo "2573"]
[PlyCount "107"]
[EventDate "2007.04.03"]
[Source "www.chesslib.no"]
[SourceDate "2004.05.04"]

1. e4 d6 2. d4 Nf6 3. Nc3 e5 4. Nf3 Nbd7 5. Bc4 Be7 6. O-O O-O 7. Re1 c6 8. a4 a5 9. Ba2 h6 10. h3 Re8 11. Be3 exd4 12. Nxd4 Nc5 13. Qf3 Bf8 14. Bf4 Ne6 15. Bxe6 Bxe6 16. Rad1 Bd7 17. b3 Nh7 18. Qg3 Qf6 19. Re3 g5 20. Nde2 d5 21. exd5 Qg6 22. Be5 Qxc2 23. dxc6 Bxc6 24. Nd4 Qg6 25. Nxc6 bxc6 26. Qf3 Bc5 27. Re2 Re6 28. Bd4 Bxd4 29. Rxd4 Rb8 30. Ne4 Nf6 31. Nc5 Rxe2 32. Qxe2 Re8 33. Qd2 Qb1+ 34. Kh2 Qf5 35. Rc4 Nd5 36. Nd3 Re6 37. Rc5 Re4 38. Qb2 Qd7 39. Qc2 Re6 40. g3 Nb4 41. Nxb4 axb4 42. Rc4 Qd6 43. Re4 Rf6 44. a5 Qd8 45. Qa2 Qd3 46. a6 Qxe4 47. a7 Qd4 48. a8=Q+ Kg7 49. Kg1 Qd1+ 50. Kg2 Qd5+ 51. Kg1 Qd1+ 52. Kg2 Qd5+ 53. f3 Rxf3 54. Q8a5 1/2-1/2

[Event "GRE Club Cup"]
[Site "Kalamata"]
[Date "2003.11.??"]
[Round "?"]
[White "Mastrovasilis, Dimitrios"]
[Black "Azmaiparashvili, Zurab"]
[Result "1-0"]
[WhiteElo "2533"]
[BlackElo "2679"]
[PlyCount "80"]
[EventDate "2003.11.??"]
[Source "Roberto Alvarez"]
[SourceDate "2004.11.08"]

1. e4 d6 2. d4 Nf6 3. Nc3 e5 4. Nf3 Nbd7 5. Bc4 Be7 6. O-O O-O 7. Re1 c6 8. a4 b6 9. b3 Bb7 10. Bb2 a6 11. Bd3 Re8 12. Ne2 Bf8 13. Ng3 g6 14. c4 exd4 15. Bxd4 Ne5 16. Bc2 Bg7 17. h3 Nfd7 18. Nh2 Qh4 19. Qd2 Nc5 20. Be3 h6 21. Nhf1 d5 22. f4 dxc4 23. fxe5 Bxe5 24. b4 Ne6 25. Bf2 Qf6 26. Ra3 Bf4 27. Be3 Rad8 28. Qf2 Bxe3 29. Qxe3 Nd4 30. Bb1 Qe7 31. Qxh6 Qe5 32. Nh2 Bc8 33. Rf1 Re7 34. Qh4 c5 35. Nf3 Nxf3+ 36. Raxf3 cxb4 37. Rxf7 Rxf7 38. Qxd8+ Kg7 39. Qxc8 Qd4+ 40. Kh2 c3 1-0

[Event "Porzellan Cup"]
[Site "Dresden"]
[Date "2000.??.??"]
[Round "2.1"]
[White "Almasi, Zoltan"]
[Black "Maiwald, Jens Uwe"]
[Result "1-0"]
[WhiteElo "2675"]
[BlackElo "2520"]
[PlyCount "53"]
[EventDate "2000.01.??"]
[Source "ChessBase"]
[SourceDate "2000.03.10"]

1. e4 d6 2. d4 Nf6 3. Nc3 e5 4. Nf3 Nbd7 5. Bc4 Be7 6. O-O O-O 7. Qe2 exd4 8. Nxd4 Ne5 9. Bb3 c5 10. Nf5 Bxf5 11. exf5 Qd7 12. f4 Nc6 13. g4 d5 14. g5 c4 15. gxf6 Bxf6 16. Ba4 Qxf5 17. Qg2 Rad8 18. Ne2 Qc8 19. c3 Rfe8 20. Bd2 Qc7 21. Kh1 a6 22. Rae1 b5 23. Bc2 Ne7 24. Ng3 Ng6 25. Nh5 Qd6 26. f5 Nh4 27. Qg4 1-0

[Event "Las Vegas (m/2)"]
[Site "?"]
[Date "1999.??.??"]
[Round "?"]
[White "Leko, P."]
[Black "Bauer, Ch"]
[Result "1-0"]
[WhiteElo "2700"]
[BlackElo "2480"]
[PlyCount "97"]
[EventDate "1999.??.??"]
[Source "Chess Informant"]
[SourceDate "1999.06.01"]

1. e4 d6 2. d4 Nf6 3. Nc3 Nbd7 4. Nf3 e5 5. Bc4 Be7 6. O-O O-O 7. Re1 c6 8. a4 b6 9. b3 a6 10. d5 c5 11. Rb1 Ne8 12. Bf1 Rb8 13. Nd2 g6 14. b4 f5 15. Nc4 cxb4 16. Rxb4 Qc7 17. exf5 gxf5 18. Ba3 Nef6 19. Qd2 Nc5 20. Reb1 Nfe4 21. Nxe4 Nxe4 22. Qe1 b5 23. axb5 axb5 24. Ne3 Qa7 25. Bc1 Bh4 26. Nd1 Qg7 27. Rxb5 Rxb5 28. Rxb5 Ba6 29. Rb4 Bxf1 30. Qxf1 Bg5 31. Bxg5 Nxg5 32. f3 Qa7+ 33. Qf2 Qa5 34. Qd2 f4 35. h4 Nf7 36. Nf2 Nh6 37. g4 fxg3 38. Rg4+ Nxg4 39. Qxa5 gxf2+ 40. Kf1 Ne3+ 41. Kxf2 Nxc2 42. Qc7 Nd4 43. Qxd6 Rxf3+ 44. Ke1 Rf5 45. Qc7 Rf7 46. Qc8+ Kg7 47. d6 Rf8 48. d7 Ne6 49. Qe8 1-0

[Event "Warsaw (Poland)"]
[Site "?"]
[Date "2003.??.??"]
[Round "1"]
[White "Macieja Bartlomiej"]
[Black "Cyborowski Lukasz"]
[Result "0-1"]
[WhiteElo "2613"]
[BlackElo "2564"]
[PlyCount "106"]
[EventDate "2003.??.??"]
[Source "www.chesslib.no"]
[SourceDate "2004.05.04"]

1. e4 d6 2. d4 Nf6 3. Nc3 e5 4. Nf3 Nbd7 5. Bc4 Be7 6. O-O O-O 7. a4 c6 8. Qe2 a5 9. Rd1 Qc7 10. h3 exd4 11. Nxd4 Re8 12. Bf4 Bf8 13. Nf5 Ne5 14. Ng3 Be6 15. Bxe6 Rxe6 16. b3 Rae8 17. Rd4 Ng6 18. Qd2 Nxf4 19. Qxf4 g6 20. Rad1 Nd7 21. Nce2 Nc5 22. Rc4 Qe7 23. Nd4 Rf6 24. Qh4 Bg7 25. Nf3 h6 26. Rcd4 Qc7 27. Rc4 b5 28. axb5 cxb5 29. Rc3 Qb7 30. Re3 a4 31. Nd4 Qb6 32. Nde2 a3 33. Nc3 Rfe6 34. b4 Bxc3 35. Rxc3 Nxe4 36. Nxe4 Rxe4 37. Qxh6 a2 38. Qc1 Re2 39. Rf3 Qd4 40. Kh2 Qe5+ 41. g3 Qe4 42. Qa3 Ra8 43. Qb3 d5 44. Ra1 Rxc2 45. Rf4 Qe5 46. Rd1 Rb2 47. Qf3 Rb1 48. Rxd5 Qe8 49. Rd7 a1=Q 50. Rfxf7 Rh1+ 51. Qxh1 Qxh1+ 52. Kxh1 Qxf7 53. Rxf7 Kxf7 0-1